Holiday Quiz

Random Holiday or Artist Quiz

Fourth of July - Music clips Quiz Stats

Quiz not verified by Sporcle

Challenge
Share
Tweet
Score 0/50 Timer 15:00
0 Plays Today
Heading Answer % Correct
PART THREE: These acts have American names. Who are they?America (A Horse With No Name)
84.6%
PART 4c: What are the TITLES of these songs?The American
80.8%
PART FOUR: What are the TITLES of these songs?Born in the U.S.A.
75.2%
PART FOUR: What are the TITLES of these songs?Surfin' U.S.A.
72.8%
PART ONE:
Ladies & gentlemen,
please rise for the playing
of the national anthem
Jimi Hendrix
71.4%
PART FOUR: What are the TITLES of these songs?American Pie
71.2%
PART 4b: What are the TITLES of these songs?American Idiot
63.2%
PART 4b: What are the TITLES of these songs?American Woman
58.2%
PART 4c: What are the TITLES of these songs?Party in the U.S.A.
55.2%
PART TWO:
These songs are all called 'America'.
Who's performing them?
Neil Diamond
52%
PART TWO:
These songs are all called 'America'.
Who's performing them?
Simon & Garfunkel
50.6%
PART 4c: What are the TITLES of these songs?American Girl
49.4%
PART 4b: What are the TITLES of these songs?Kids in America
41.6%
PART THREE: These acts have American names. Who are they?The All-American Rejects (It Ends Tonight)
40.8%
PART THREE: These acts have American names. Who are they?The Presidents of the United States of America (Lump)
40.6%
PART FOUR: What are the TITLES of these songs?American Boy
36.8%
PART 4b: What are the TITLES of these songs?We're An American Band
36%
PART FOUR: What are the TITLES of these songs?An American Trilogy
31%
PART 4b: What are the TITLES of these songs?R.O.C.K. In the U.S.A.
29.6%
PART 4b: What are the TITLES of these songs?Pink Houses
29%
PART 4c: What are the TITLES of these songs?Breakfast in America
29%
PART 4b: What are the TITLES of these songs?Theme from 'The Greatest American Hero' (Believe It or Not)
28.2%
PART THREE: These acts have American names. Who are they?USA for Africa (We Are the World)
26.8%
PART FOUR: What are the TITLES of these songs?Young Americans
26.2%
PART 4b: What are the TITLES of these songs?Living In America
26.2%
Heading Answer % Correct
PART 4c: What are the TITLES of these songs?God Bless America
21.6%
PART THREE: These acts have American names. Who are they?Daddy Yankee (Gasolina)
17.2%
PART THREE: These acts have American names. Who are they?Damn Yankees (High Enough)
14.8%
PART 4c: What are the TITLES of these songs?Livin' In The U.S.A.
14.2%
PART 4b: What are the TITLES of these songs?The Americans (A Canadian's Opinion)
14%
PART THREE: These acts have American names. Who are they?Jay & the Americans (Come A Little Bit Closer)
11.8%
PART 4c: What are the TITLES of these songs?American Life
9%
PART 4b: What are the TITLES of these songs?Back In The U.S.A.
8.6%
PART FOUR: What are the TITLES of these songs?This Is Not America
8.4%
PART TWO:
These songs are all called 'America'.
Who's performing them?
The Nice
7%
PART TWO:
These songs are all called 'America'.
Who's performing them?
Razorlight
6.6%
PART 4c: What are the TITLES of these songs?American Tune
6%
PART FOUR: What are the TITLES of these songs?Calling America
5.8%
PART THREE: These acts have American names. Who are they?The American Breed (Bend Me, Shape Me)
5.4%
PART FOUR: What are the TITLES of these songs?America's Suitehearts
5.2%
PART 4c: What are the TITLES of these songs?Real American
4.8%
PART 4c: What are the TITLES of these songs?American Psycho
4.8%
PART 4c: What are the TITLES of these songs?Letter from America
4.6%
PART 4c: What are the TITLES of these songs?American Music
4%
PART FOUR: What are the TITLES of these songs?French Kissing in the U.S.A.
3.2%
PART THREE: These acts have American names. Who are they?Gary (U.S.) Bonds (New Orleans)
2.6%
PART FOUR: What are the TITLES of these songs?An American Dream
2.4%
PART THREE: These acts have American names. Who are they?The Five Americans (Western Union)
1.8%
PART FOUR: What are the TITLES of these songs?The All-American Boy
1.2%
PART 4b: What are the TITLES of these songs?America: What Time Is Love?
1%

You're not logged in!

Compare scores with friends on all Sporcle quizzes.
Sign Up with Email
OR
Log In

You Might Also Like...

Show Comments

Extras

Editor's Pick Jul 4, 2010ReportNominate
Tags:Artist Quiz, Song Quiz, fourth, heading, July

Top Quizzes Today


Score Distribution

Your Account Isn't Verified!

In order to create a playlist on Sporcle, you need to verify the email address you used during registration. Go to your Sporcle Settings to finish the process.

Report this User

Report this user for behavior that violates our Community Guidelines.

Details: